Distribution of Wages in the Regions of the Czech Republic
Kraje ako vyššie územné samosprávne celky v Česku. Rozdiely v mzdovom vývoji krajov v rokoch 2011-2018. Vývoj jednotlivých kategórií miezd a výsledky popisnej štatistiky. Faktory vytvárajúce mzdové hladiny - ekonomická úroveň, miera nezamestnanosti a vzdelanostná úroveň.
Na minha lista:
| Autor principal: | |
|---|---|
| Formato: | Capítulo de Livro |
| Idioma: | inglês |
| Assuntos: | |
| Tags: |
Sem tags, seja o primeiro a adicionar uma tag!
|
MARC
| LEADER | 00000naa a2200000 4500 | ||
|---|---|---|---|
| 001 | 0270388 | ||
| 005 | 20201202150428.8 | ||
| 041 | 0 | |a eng | |
| 044 | |a CZ | ||
| 245 | 1 | 0 | |a Distribution of Wages in the Regions of the Czech Republic |c Eva Lajtkepová |
| 520 | |a Kraje ako vyššie územné samosprávne celky v Česku. Rozdiely v mzdovom vývoji krajov v rokoch 2011-2018. Vývoj jednotlivých kategórií miezd a výsledky popisnej štatistiky. Faktory vytvárajúce mzdové hladiny - ekonomická úroveň, miera nezamestnanosti a vzdelanostná úroveň. | ||
| 610 | 2 | 0 | |a mzdy |
| 610 | 2 | 0 | |a analýza zhluková |
| 610 | 2 | 0 | |a miera nezamestnanosti |
| 610 | 2 | 0 | |a kraje |
| 610 | 2 | 0 | |a Česko |
| 100 | 1 | |a Lajtkepová, Eva | |